Statistiques concernant Top 15 des pays avec les décès de Covid-19 - 10 novembre 2021

Cliquez ici pour prendre le quiz!

Statistiques générales

  • Ce quiz a été pris 28 fois
  • Le résultat moyen est 13 sur 25

Statistiques - réponses

pays% Correct
Etats-Unis
100%
France
96%
Italie
96%
Royaume-Uni
88%
Russie
88%
Allemagne
83%
Mexique
83%
Inde
79%
Brésil
75%
Argentine
63%
Indonésie
46%
Roumanie
46%
Croatie
42%
Hongrie
42%
Iran
38%
Pérou
38%
Afrique du Sud
33%
Bulgarie
33%
Colombie
33%
Slovaquie
33%
Tchèquie
33%
Slovénie
29%
Bosnie-Herzégovine
17%
Géorgie
8%
Macédoine du Nord
4%

Distribution des résultats

Percentile par nombre de réponses

% des personnes avec chaque résultat

Votre développement - résultats

Vous n’avez pas pris ce quiz